Central Library OPAC University of Rajshahi

Handbook on jute / (Record no. 14151)

MARC details
000 -LEADER
fixed length control field 00658nam a2200241 4500
001 - CONTROL NUMBER
control field 14151
003 - CONTROL NUMBER IDENTIFIER
rucl marc code BD-RjUL
005 - DATE AND TIME OF LATEST TRANSACTION
control field 20211208235559.0
008 - FIXED-LENGTH DATA ELEMENTS--GENERAL INFORMATION
fixed length control field 140205s1973 ii af b i000 0 eng d
035 ## - SYSTEM CONTROL NUMBER
System control number (BD-RjUL)14203
040 ## - CATALOGING SOURCE
Original cataloging agency DLC
Transcribing agency DLC
Modifying agency DLC
-- BD-RjUL
Language of cataloging eng
041 ## - LANGUAGE CODE
Language code of text/sound track or separate title eng
082 00 - DEWEY DECIMAL CLASSIFICATION NUMBER
Classification number 633.54
Edition number 23
Author mark and year RAH 1973
100 1# - MAIN ENTRY--PERSONAL NAME
Personal name Ranjan, T. C.
9 (RLIN) 44200
245 10 - TITLE STATEMENT
Title Handbook on jute /
Statement of responsibility, etc. T C Ranjan
260 ## - PUBLICATION, DISTRIBUTION, ETC. (IMPRINT)
Place of publication, distribution, etc. New Delhi :
Name of publisher, distributor, etc. Oxford & IBH Pub.,
Date of publication, distribution, etc. c1973
300 ## - PHYSICAL DESCRIPTION
Pagination V. :
Illustrations ill. ;
Size 22 cm.
504 ## - BIBLIOGRAPHY, ETC. NOTE
Bibliography, etc Includes Bibliography
505 ## - FORMATTED CONTENTS NOTE
Formatted contents note Vol. 1 -- V. 2-- V. 3--
650 #0 - SUBJECT ADDED ENTRY--TOPICAL TERM
Topical term or geographic name as entry element Jute plant.
9 (RLIN) 44201
942 ## - ADDED ENTRY ELEMENTS (KOHA)
Source of classification or shelving scheme Dewey Decimal Classification
Koha item type Books
Holdings
Lost status Source of classification or shelving scheme Damaged status Not for loan Collection code Permanent Location Current Location Shelving location Date acquired Source of acquisition Cost, normal purchase price Total Checkouts Full call number Date last seen Copy number Koha item type
  Dewey Decimal Classification     Non-fiction Central Library, University of Rajshahi Central Library, University of Rajshahi   24/06/1982 Stadard Pub. 150.00   633.54 RAH V-3 1973 05/02/2014 C-2 Books
  Dewey Decimal Classification   Not For Loan Non-fiction Central Library, University of Rajshahi Central Library, University of Rajshahi Reading Room 24/06/1982 Standard publishers 150.00   633.54 RAH V-2 1973 31/05/2017 C-1 Books
  Dewey Decimal Classification   Not For Loan Non-fiction Central Library, University of Rajshahi Central Library, University of Rajshahi Reading Room 05/03/1979 India international, kolcutta 50.00   633.54 RAH V-1 1973 04/06/2017 C-1 Books
  Dewey Decimal Classification     Non-fiction Central Library, University of Rajshahi Central Library, University of Rajshahi   05/03/1979 India international, kolcutta 50.00   633.54 RAH V-1 1973 04/06/2017 C-2 Books
  Dewey Decimal Classification     Non-fiction Central Library, University of Rajshahi Central Library, University of Rajshahi   05/03/1979 India international, kolcutta 50.00   633.54 RAH V-1 1973 04/06/2017 C-3 Books
  Dewey Decimal Classification     Non-fiction Central Library, University of Rajshahi Central Library, University of Rajshahi   24/06/1982 Standard publishers 150.00   633.54 RAH V-2 1973 04/06/2017 C-2 Books
  Dewey Decimal Classification     Non-fiction Central Library, University of Rajshahi Central Library, University of Rajshahi   24/06/1982 Standard publishers 150.00   633.54 RAH V-2 1973 04/06/2017 C-3 Books
  Dewey Decimal Classification     Non-fiction Central Library, University of Rajshahi Central Library, University of Rajshahi   24/06/1982 Standard publishers 150.00   633.54 RAH V-2 1973 04/06/2017 C-4 Books
  Dewey Decimal Classification     Non-fiction Central Library, University of Rajshahi Central Library, University of Rajshahi   30/06/1981 Eureka, Rajshahi 150.00   633.54 RAH V-3 1973 13/02/2019 C-4 Books
  Dewey Decimal Classification     Non-fiction Central Library, University of Rajshahi Central Library, University of Rajshahi   05/03/1979 India international, kolcutta 50.00   633.54 RAH V-3 1973 13/02/2019 C-5 Books
  Dewey Decimal Classification   Not For Loan Non-fiction Central Library, University of Rajshahi Central Library, University of Rajshahi Reading Room 24/06/1982 Standard publishers 50.00   633.54 RAH V-3 1973 13/02/2019 C-1 Books
  Dewey Decimal Classification     Non-fiction Central Library, University of Rajshahi Central Library, University of Rajshahi   13/01/1979 India international, kolcutta 150.00   633.54 RAH V-1 1973 13/02/2019 C-4 Books